<?xml version="1.0" encoding="UTF-8"?>
<record
    xmlns:xsi="http://www.w3.org/2001/XMLSchema-instance"
    xsi:schemaLocation="http://www.loc.gov/MARC21/slim http://www.loc.gov/standards/marcxml/schema/MARC21slim.xsd"
    xmlns="http://www.loc.gov/MARC21/slim">

  <leader>01090nam0a2200313   4500</leader>
  <controlfield tag="001">RU\NLR\BIBL_A\021952756</controlfield>
  <controlfield tag="005">20250128194045.0</controlfield>
  <datafield tag="010" ind1=" " ind2=" ">
    <subfield code="a">978-5-94524-259-3</subfield>
    <subfield code="9">200</subfield>
  </datafield>
  <datafield tag="021" ind1=" " ind2=" ">
    <subfield code="a">RU</subfield>
    <subfield code="b">&#x41A;&#x41D;-&#x41F;-23-025867</subfield>
    <subfield code="9">&#x41A;&#x41D;-&#x41F;-23-2573</subfield>
  </datafield>
  <datafield tag="035" ind1=" " ind2=" ">
    <subfield code="a">(NLR Aleph) 021952756</subfield>
  </datafield>
  <datafield tag="090" ind1=" " ind2=" ">
    <subfield code="a">13315867</subfield>
    <subfield code="c">13315867</subfield>
  </datafield>
  <datafield tag="100" ind1=" " ind2=" ">
    <subfield code="a">20230601d2022    m  y0rusy50      ca</subfield>
  </datafield>
  <datafield tag="101" ind1="0" ind2=" ">
    <subfield code="a">bak</subfield>
  </datafield>
  <datafield tag="102" ind1=" " ind2=" ">
    <subfield code="a">RU</subfield>
  </datafield>
  <datafield tag="105" ind1=" " ind2=" ">
    <subfield code="a">c   z   000 y</subfield>
  </datafield>
  <datafield tag="181" ind1=" " ind2="0">
    <subfield code="a">i </subfield>
    <subfield code="b">axxe  </subfield>
  </datafield>
  <datafield tag="182" ind1=" " ind2="0">
    <subfield code="a">n</subfield>
  </datafield>
  <datafield tag="200" ind1="1" ind2=" ">
    <subfield code="a">&#x413;&#x4D9;&#x43B;&#x441;&#x4D9;&#x440; &#x4A1;&#x44B;&#x4A3;&#x493;&#x44B;&#x440;&#x430;&#x443;</subfield>
    <subfield code="e">[&#x448;&#x438;&#x493;&#x44B;&#x440;&#x499;&#x430;&#x440;, &#x43C;&#x4D9;&#x4A1;&#x4D9;&#x43B;&#x4D9;&#x43B;&#x4D9;&#x440;]</subfield>
    <subfield code="f">&#x420;&#x430;&#x444;&#x430;&#x44D;&#x43B;&#x44C; &#x4A0;&#x4D9;&#x499;&#x435;&#x440;&#x493;&#x4D9;&#x43B;&#x438;&#x43D;</subfield>
  </datafield>
  <datafield tag="203" ind1=" " ind2=" ">
    <subfield code="a">&#x422;&#x435;&#x43A;&#x441;&#x442;</subfield>
    <subfield code="b">&#x432;&#x438;&#x437;&#x443;&#x430;&#x43B;&#x44C;&#x43D;&#x44B;&#x439;</subfield>
    <subfield code="c">&#x43D;&#x435;&#x43F;&#x43E;&#x441;&#x440;&#x435;&#x434;&#x441;&#x442;&#x432;&#x435;&#x43D;&#x43D;&#x44B;&#x439;</subfield>
  </datafield>
  <datafield tag="210" ind1=" " ind2=" ">
    <subfield code="a">&#x4E8;&#x444;&#x4E9;</subfield>
    <subfield code="c">&#x414;&#x438;&#x430;&#x43B;&#x43E;&#x433;</subfield>
    <subfield code="d">2022</subfield>
  </datafield>
  <datafield tag="215" ind1=" " ind2=" ">
    <subfield code="a">126 &#x431;.</subfield>
    <subfield code="c">&#x43F;&#x43E;&#x440;&#x442;&#x440;.</subfield>
    <subfield code="d">20</subfield>
  </datafield>
  <datafield tag="541" ind1="1" ind2=" ">
    <subfield code="6">z01790</subfield>
    <subfield code="a">&#x425;&#x440;&#x443;&#x441;&#x442;&#x430;&#x43B;&#x44C;&#x43D;&#x44B;&#x439; &#x43A;&#x43E;&#x43B;&#x43E;&#x43A;&#x43E;&#x43B;&#x44C;&#x447;&#x438;&#x43A;</subfield>
    <subfield code="e">[&#x441;&#x442;&#x438;&#x445;&#x438;, &#x441;&#x442;.]</subfield>
    <subfield code="z">rus</subfield>
  </datafield>
  <datafield tag="686" ind1="1" ind2=" ">
    <subfield code="a">&#x428;6(2=&#x411;&#x430;&#x448;)7 &#x44F;44</subfield>
  </datafield>
  <datafield tag="700" ind1=" " ind2="1">
    <subfield code="a">&#x4A0;&#x4D9;&#x499;&#x435;&#x440;&#x493;&#x4D9;&#x43B;&#x438;&#x43D;</subfield>
    <subfield code="b">&#x420;.</subfield>
    <subfield code="g">&#x420;&#x430;&#x444;&#x430;&#x44D;&#x43B;&#x44C;</subfield>
    <subfield code="4">070</subfield>
  </datafield>
  <datafield tag="790" ind1=" " ind2="1">
    <subfield code="6">z01541</subfield>
    <subfield code="a">&#x41A;&#x430;&#x437;&#x44B;&#x440;&#x433;&#x430;&#x43B;&#x438;&#x43D;</subfield>
    <subfield code="b">&#x420;.</subfield>
    <subfield code="g">&#x420;&#x430;&#x444;&#x430;&#x44D;&#x43B;&#x44C;</subfield>
    <subfield code="4">070</subfield>
  </datafield>
  <datafield tag="852" ind1=" " ind2=" ">
    <subfield code="a">NLR</subfield>
    <subfield code="b">&#x41E;&#x41D;&#x41B;</subfield>
    <subfield code="j">&#x411;&#x430;&#x448;&#x43A;./2-5293</subfield>
  </datafield>
  <datafield tag="942" ind1=" " ind2=" ">
    <subfield code="c">BOOK</subfield>
  </datafield>
  <datafield tag="980" ind1=" " ind2=" ">
    <subfield code="a">NB</subfield>
  </datafield>
  <datafield tag="995" ind1=" " ind2=" ">
    <subfield code="5">2023-06-01</subfield>
    <subfield code="a">ad</subfield>
    <subfield code="b">NLR01</subfield>
    <subfield code="c">NLR01</subfield>
    <subfield code="e">ONL</subfield>
    <subfield code="f">1-3005514</subfield>
    <subfield code="k">&#x41E;&#x41D;&#x41B; &#x411;&#x430;&#x448;&#x43A;./2-5293</subfield>
    <subfield code="o">0</subfield>
    <subfield code="r">BOOK</subfield>
    <subfield code="s">_25293</subfield>
  </datafield>
</record>
